Statistics for Bern Trivia

Click here to take the quiz!

General Stats

  • This quiz has been taken 5 times
  • The average score is 14 of 20

Answer Stats

Hint Answer % Correct
Country Bern is the capital (or more exact: the federal city) ofSwitzerland
100%
This Russian revolutionary lived in Bern 1914-1917Vladimir Lenin
80%
Nearest 1M+ city (urban area)Zürich
80%
Major mountain range located about 30 km south of BernAlps
80%
While working in Bern in 1905, this genius published his theory of special relativityAlbert Einstein
80%
What the Germans won in the "Miracle of Bern" in Wankdorf Stadium in 1954FIFA World Cup
80%
This language is commonly spoken about 20km west of BernFrench
80%
Commonly believed myth that Bern was named after this animalBear
80%
River flowing through the city of BernAare
80%
Bern's biggest fair, held every November in the Old Town. Its name means "onion market"Zibelemärit
60%
Year in which Bern got founded (hint: 100 years before the legendary Rütli oath)1191
60%
Home to both the Executive as well as the LegislatureBundeshaus
60%
At 100.6 meters in height the tallest cathedral in SwitzerlandBern {Minster}
60%
Best-known Hausberg famous for its music festival in SummerGurten
60%
Most famous tower that also served as a prison, its name means "time bell"Zytglogge
60%
Local ice hockey team, known for having the highest
attendance in Europe for the 18th year in a row
SC Bern
60%
Most spoken dialectBernese German
60%
Soccer team whose initials are "YB" - pronounced ee behYoung Boys Bern
60%
Biggest foreign nationality in Bern (5,957 residents)Germany
40%
Former Ghanaian Secretary-General of the UN who died in Bern aged 80Kofi Annan
40%

Score Distribution

Percentile by Number Answered

Percent of People with Each Score

Your Score History

You have not taken this quiz